| 000 | 00462nam a22001217a 4500 | ||
|---|---|---|---|
| 082 | _a200 THE | ||
| 100 |
_aSYEDA NAIMA BATOOL BOKHARI _969465 |
||
| 245 | _aTH-SOF-1554-Techno-Economic Analysis of the Potential of Solar Energy to Meet Energy Requirements: A Case Study of Village Forward Kahuta, AJ&K | ||
| 260 |
_aISLAMABAD _bNUST COLLEGE OF EME _c2018 |
||
| 650 |
_aMS-EM-9 MSTHESIS _969389 |
||
| 700 |
_aADVISOR Dr. Faheem Qaisar Jamal _969466 |
||
| 942 | _cCF | ||
| 999 |
_c576729 _d576729 |
||